Risiko-Gebiete - Statistics

General Stats
  • This quiz has been taken 16 times
  • The average score is 16 of 42
Answer Stats
Antwort % Correct
Brasilien
73%
Argentinien
67%
Südafrika
67%
Grönland
60%
Peru
60%
Russland
60%
Venezuela
60%
Ägypten
53%
Japan
53%
Westeuropa
53%
Alaska
47%
China
47%
Großbritannien
47%
Neu-Guinea
47%
Sibirien
47%
Südeuropa
47%
Indien
40%
Indonesien
40%
Island
40%
Mongolei
40%
Nordeuropa
40%
Ost-Australien
40%
West-Australien
40%
Nordafrika
33%
Ostafrika
33%
Skandinavien
33%
West-Staaten
33%
Afghanistan
27%
Alberta
27%
Ontario
27%
Ost-Staaten
27%
Irkutsk
20%
Kamtschatka
20%
Mittelamerika
20%
Nordwestterritorium
20%
Südostasien
20%
Ural
20%
Zentralafrika
20%
Jakutsk
7%
Mittlerer Osten
7%
Madgaskar
0%
Ost-Kanada
0%
No matching quizzes found
Score Distribution
Percent of People with Each Score
Percentile by Number Answered
Your Score History
You have not taken this quiz